| 000 | 00722nam a22002177a 4500 | ||
|---|---|---|---|
| 001 | 7961 | ||
| 003 | FISKH | ||
| 005 | 20250815103738.0 | ||
| 008 | 250815b cb ||||| |||| 00| 0 eng d | ||
| 020 | _a9780312508357 | ||
| 040 |
_aFISKH _beng _cFISKH _dFISKH |
||
| 050 | _aSB481.3 .P37 | ||
| 082 | _a333.78 | ||
| 100 | _a Priddy, Roger | ||
| 245 |
_aPark : _bA lift-the-flap shadow book / |
||
| 300 |
_a14 unnumbered pages : _bcolor illustrations ; _c14 cm |
||
| 505 | _aNP | ||
| 520 | _aWhat does this shadow belong to? Children will have great fun lifting the flaps to find out Underneath each shadow flap is a full-colour photograph of an object you can see in the park. | ||
| 942 |
_2ddc _cBK _n0 |
||
| 999 |
_c7961 _d7961 |
||